000 00428nam a2200133Ia 4500
008 100328s9999 xx 000 0 und d
082 _b39881
100 _aआपटे ह.ना.
245 _aपण लक्षात कोण घेतो
260 _bप्रतिभा.
630 _aपण लक्षात कोण घेतो
730 _aपण लक्षात कोण घेतो
942 _cBOOK
999 _c528712
_d528709